Azylová politika
Z obsahu: Slovenská azylová politika bude musieť byť po vstupe do únie európska. Slovensko je pre migrantov diaľnicou do Európy. Zákon o azyle prináša právnu čistotu. Aby občania utečenecký tábor akceptovali, musia ho poznať. Rekvalifikácia utečencov nemusí byť návratná podpora.
Uložené v:
| Hlavný autor: | |
|---|---|
| Ďalší autori: | , |
| Médium: | Kapitola |
| Jazyk: | Slovak |
| Predmet: | |
| Tagy: |
Žiadne tagy, Buďte prvý, kto otaguje tento záznam!
|
MARC
| LEADER | 00000naa a2200000 4500 | ||
|---|---|---|---|
| 001 | r048010 | ||
| 005 | 20230921114650.7 | ||
| 041 | 0 | |a slo | |
| 044 | |a SK | ||
| 245 | 1 | 0 | |a Azylová politika |c Miro Sedlák, Zuzana Horníková, Branislav Sobinkovič |
| 520 | |a Z obsahu: Slovenská azylová politika bude musieť byť po vstupe do únie európska. Slovensko je pre migrantov diaľnicou do Európy. Zákon o azyle prináša právnu čistotu. Aby občania utečenecký tábor akceptovali, musia ho poznať. Rekvalifikácia utečencov nemusí byť návratná podpora. | ||
| 610 | 2 | 0 | |a politika azylová |
| 610 | 2 | 0 | |a migrácia |
| 610 | 2 | 0 | |a legislatíva |
| 610 | 2 | 0 | |a Európska únia |
| 610 | 2 | 0 | |a rekvalifikácia |
| 610 | 2 | 0 | |a Slovensko |
| 100 | 1 | |a Sedlák, Miro | |
| 700 | 1 | |a Horníková, Zuzana | |
| 700 | 1 | |a Sobinkovič, Branislav | |